000 00601nam a2200205 i 4500
001 81953
003 ES-MaACL
005 20230906174538.0
007 t|
008 041117s1983 sp ||||1| spa d
100 1 _aChavarría, Daniel.
_938250
245 1 0 _aCompleto Camagüey /
_cDaniel Chavarría y Justo E. Vasco.
260 _aLa Habana :
_bLetras Cubanas,
_c1983.
300 _a274 p. ;
_c18 cm.
490 1 _aColección Radar ;
_v49
700 1 _aVasco, Justo E.
_9113262
830 0 _aColección Radar ;
_v49
_9231555
852 _aES-MaACL
_jE-10425
_bR.134558
999 _c81953
_d81953